[Event "BL 0506 Hamburger SK - SG Köln Porz"]
[Site "?"]
[Date "2006.03.12"]
[Round "13.6"]
[White "Reeh, Oliver"]
[Black "Van den Doel, Erik"]
[Result "0-1"]
[WhiteElo "2449"]
[BlackElo "2582"]
[PlyCount "80"]
[EventDate "2006.??.??"]

1. e4 e5 2. Nf3 Nc6 3. Bb5 Nf6 4. d3 Bc5 5. Bxc6 dxc6 6. O-O Bg4 7. h3 Bh5 8.
Be3 Bd6 9. Nbd2 Nd7 10. Qc1 c5 11. Nh2 Nf8 12. f4 exf4 13. Bxf4 Bxf4 14. Rxf4
Ne6 15. Rf2 O-O 16. Nc4 Nd4 17. g4 Bg6 18. Qf4 b5 19. Ne3 c4 20. Rd1 cxd3 21.
Rxd3 c5 22. Nf5 Re8 23. Nf3 Nxf3+ 24. Rfxf3 Qa5 25. Rd7 Qxa2 26. Ne7+ Kh8 27.
Nxg6+ fxg6 28. Qf7 Qb1+ 29. Rf1 Qxb2 30. Rxa7 Qd4+ 31. Rf2 Rad8 32. Re7 Rf8 33.
Rd7 Rxf7 34. Rxd4 Rxd4 35. Rxf7 Kg8 36. Rc7 Rc4 37. e5 Rxc2 38. e6 Kf8 39. Rf7+
Ke8 40. Rxg7 b4 0-1

[Event "BL 0506 Hamburger SK - SG Köln Porz"]
[Site "?"]
[Date "2006.03.12"]
[Round "13.7"]
[White "Andersson, Ulf"]
[Black "Heinemann, Thies"]
[Result "1/2-1/2"]
[WhiteElo "2565"]
[BlackElo "2441"]
[PlyCount "35"]
[EventDate "2006.??.??"]

1. Nf3 c5 2. c4 Nf6 3. g3 b6 4. Bg2 Bb7 5. O-O e6 6. Nc3 a6 7. b3 d6 8. Bb2 Be7
9. e3 O-O 10. Qe2 Nbd7 11. d4 Ra7 12. Rfd1 cxd4 13. exd4 Qb8 14. a4 d5 15. Ne1
dxc4 16. bxc4 Bxg2 17. Nxg2 Re8 18. Ne3 1/2-1/2

[Event "BL 0506 Hamburger SK - SG Köln Porz"]
[Site "?"]
[Date "2006.03.12"]
[Round "13.8"]
[White "Van Delft, Merijn"]
[Black "Kengis, Edwin"]
[Result "0-1"]
[WhiteElo "2385"]
[BlackElo "2528"]
[PlyCount "56"]
[EventDate "2006.??.??"]

1. e4 c5 2. Nf3 e6 3. d4 cxd4 4. Nxd4 a6 5. Nc3 b5 6. Bd3 Qb6 7. Nf3 Nc6 8. O-O
Nge7 9. Re1 Ng6 10. a4 Bc5 11. Be3 Bxe3 12. Rxe3 b4 13. Nd5 Qd8 14. a5 O-O 15.
Nb6 Rb8 16. Nc4 Rb5 17. Qe1 Rc5 18. e5 Qc7 19. Ra4 Bb7 20. Bf1 Nxa5 21. Nxa5
Rxa5 22. Qxb4 Rc5 23. Bxa6 Bxf3 24. Rxf3 Rb8 25. Qa3 Rxc2 26. b4 Nxe5 27. Rg3
Rc1+ 28. Bf1 Qc4 0-1

[Event "BL 0506 Werder Bremen - Godesberger SK"]
[Site "?"]
[Date "2006.03.12"]
[Round "13.2"]
[White "Efimenko, Zahar"]
[Black "Jenni, Florian"]
[Result "1-0"]
[WhiteElo "2637"]
[BlackElo "2502"]
[PlyCount "103"]
[EventDate "2006.??.??"]

1. e4 e5 2. Nf3 Nc6 3. Bb5 a6 4. Ba4 Nf6 5. O-O Be7 6. Re1 b5 7. Bb3 O-O 8. h3
Bb7 9. d3 d6 10. a3 Na7 11. Nbd2 c5 12. Nf1 c4 13. Ba2 Nc8 14. Ng3 Nb6 15. Nf5
Bc8 16. Ne3 Bb7 17. Nf5 Bc8 18. Nh2 Bxf5 19. exf5 Rc8 20. Qf3 Qc7 21. Ng4 Rfe8
22. Bd2 Nbd5 23. Rad1 Qc6 24. Bc1 Kf8 25. dxc4 bxc4 26. Nxf6 Nxf6 27. Qxc6 Rxc6
28. g4 h6 29. Kg2 Bd8 30. f4 Ba5 31. Re2 exf4 32. Rxe8+ Kxe8 33. Bxf4 d5 34.
Be5 Bc7 35. Bxf6 Rxf6 36. Rxd5 Rb6 37. Bxc4 Rxb2 38. Bb3 Rb1 39. Ba4+ Kf8 40.
Rd7 Be5 41. Bb3 Ke8 42. Ra7 Rg1+ 43. Kf3 Rg3+ 44. Ke4 f6 45. Rxa6 Rxh3 46. Kd5
Bf4 47. Ra7 h5 48. Rxg7 h4 49. Rh7 Bg5 50. a4 Re3 51. a5 Re5+ 52. Kd6 1-0

[Event "BL 0506 Werder Bremen - Godesberger SK"]
[Site "?"]
[Date "2006.03.12"]
[Round "13.3"]
[White "Sprenger, Jan-Michael"]
[Black "Areshchenko, Alexander"]
[Result "1/2-1/2"]
[WhiteElo "2505"]
[BlackElo "2653"]
[PlyCount "72"]
[EventDate "2006.??.??"]

1. e4 c5 2. Nf3 e6 3. d4 cxd4 4. Nxd4 a6 5. Nc3 Qc7 6. Bd3 Bd6 7. Qe2 Nc6 8.
Nxc6 dxc6 9. a4 Nf6 10. a5 O-O 11. Bd2 e5 12. Na4 Bg4 13. f3 Be6 14. O-O Nd7
15. Rfd1 Nc5 16. Be3 Nxa4 17. Rxa4 Qe7 18. Qf2 Rfd8 19. Bb6 Rd7 20. Raa1 Bc7
21. Bc5 Qe8 22. b4 Rad8 23. Be2 f6 24. Qe3 Qf7 25. Rxd7 Rxd7 26. Rd1 Rxd1+ 27.
Bxd1 f5 28. Be2 g6 29. Qg5 fxe4 30. fxe4 Kg7 31. h4 h6 32. Qe7 Qxe7 33. Bxe7
Kf7 34. Bc5 Bd8 35. g3 Be7 36. Kf2 Bxc5+ 1/2-1/2

[Event "BL 0506 Werder Bremen - Godesberger SK"]
[Site "?"]
[Date "2006.03.12"]
[Round "13.4"]
[White "Hracek, Zbynek"]
[Black "Seel, Christian"]
[Result "1/2-1/2"]
[WhiteElo "2581"]
[BlackElo "2492"]
[PlyCount "47"]
[EventDate "2006.??.??"]

1. e4 e5 2. Nf3 d6 3. d4 exd4 4. Nxd4 Nf6 5. Nc3 Be7 6. g3 d5 7. e5 Ng4 8. Bf4
g5 9. e6 h5 10. exf7+ Kxf7 11. Bc1 Nc6 12. Bg2 Bc5 13. Be3 Bxd4 14. Bxd4 Re8+
15. Kf1 Nxd4 16. Qxd4 c6 17. h4 Qf6 18. Qxf6+ Kxf6 19. Ne2 Bf5 20. hxg5+ Kxg5
21. Nf4 Nf6 22. c3 Rad8 23. Rd1 Rd7 24. Bf3 1/2-1/2

[Event "BL 0506 Werder Bremen - Godesberger SK"]
[Site "?"]
[Date "2006.03.12"]
[Round "13.6"]
[White "Babula, Vlastimil"]
[Black "Grafl, Florian"]
[Result "1-0"]
[WhiteElo "2593"]
[BlackElo "2413"]
[PlyCount "117"]
[EventDate "2006.??.??"]

1. d4 f5 2. Nf3 Nf6 3. g3 g6 4. c4 Bg7 5. b4 d6 6. Bb2 e5 7. dxe5 Nfd7 8. Bg2
Nc6 9. O-O O-O {[%emt 0:00:00]} 10. Nbd2 Ndxe5 11. Rb1 Nxf3+ 12. Nxf3 Bxb2 13.
Rxb2 Qf6 14. Qd2 Be6 15. Rc2 Rad8 16. Rd1 d5 17. c5 f4 18. gxf4 Qxf4 19. b5 Ne7
20. Qxf4 Rxf4 21. Nd4 Bf5 22. Rc3 c6 23. Ra3 cxb5 24. Nxf5 gxf5 25. Rxa7 Rd7
26. c6 Nxc6 27. Rxd5 Rg7 28. Ra8+ Kf7 29. h3 Rb4 30. Rxf5+ Ke6 31. Rf3 Nd4 32.
Re3+ Kd7 33. Kh2 Rf7 34. f3 Kc7 35. Re4 Rc4 36. Rae8 Kb6 37. f4 Ra4 38. e3 Nc6
39. Rxa4 bxa4 40. Re4 Kb5 41. Bf1+ Ka5 42. Bc4 Rf8 43. Be6 b5 44. f5 b4 45. Kg3
b3 46. axb3 axb3 47. Bxb3 Rxf5 48. Rh4 Ne5 49. Bd1 Rg5+ 50. Kf4 Rg1 51. Kxe5
Rxd1 52. Rxh7 Kb6 53. e4 Kc6 54. h4 Rd2 55. h5 Rd1 56. h6 Rh1 57. Ke6 Rh5 58.
e5 Kc5 59. Kf6 1-0

[Event "BL 0506 Werder Bremen - Godesberger SK"]
[Site "?"]
[Date "2006.03.12"]
[Round "13.7"]
[White "Jackelen, Thomas"]
[Black "Nyback, Tomi"]
[Result "1/2-1/2"]
[WhiteElo "2454"]
[BlackElo "2563"]
[PlyCount "104"]
[EventDate "2006.??.??"]

1. Nf3 Nf6 2. c4 e6 3. g3 a6 4. b3 c5 5. Bg2 b5 6. Nc3 bxc4 7. bxc4 Bb7 8. Rb1
Bc6 9. O-O Be7 10. Re1 d6 11. e4 Ra7 12. d4 cxd4 13. Nxd4 Bd7 14. Nb3 Rc7 15.
c5 dxc5 16. e5 Nd5 17. Bxd5 exd5 18. Nxd5 Rc8 19. Nf6+ gxf6 20. exf6 Be6 21.
Qh5 Nd7 22. fxe7 Kxe7 23. Bg5+ f6 24. Be3 Qe8 25. Qe2 Kf7 26. Qh5+ Ke7 27. Qe2
Kf7 28. Rbc1 Ne5 29. Qh5+ Kg8 30. Qxe8+ Rxe8 31. Red1 c4 32. Nc5 Kf7 33. Bf4
Nd3 34. Nxd3 cxd3 35. Rxd3 Rc8 36. Rxc8 Rxc8 37. Ra3 Rc6 38. Kg2 Bd5+ 39. Kh3
Be6+ 40. Kh4 Kg6 41. g4 Rb6 42. Kg3 h5 43. h3 hxg4 44. hxg4 Rc6 45. Ra5 Bc4 46.
Be3 Bb5 47. a4 Bc4 48. Rh5 Be6 49. Ra5 Bb3 50. g5 fxg5 51. Rxg5+ Kf7 52. a5 Rg6
1/2-1/2

[Event "BL 0506 Werder Bremen - Godesberger SK"]
[Site "?"]
[Date "2006.03.12"]
[Round "13.8"]
[White "Schandorff, Lars"]
[Black "Armbruster, Alexander"]
[Result "1-0"]
[WhiteElo "2517"]
[BlackElo "2376"]
[PlyCount "63"]
[EventDate "2006.??.??"]

1. d4 Nf6 2. c4 g6 3. Nc3 d5 4. Bg5 Ne4 5. Bh4 Nxc3 6. bxc3 dxc4 7. e3 Bg7 8.
Bxc4 O-O 9. Nf3 c5 10. O-O Nc6 11. h3 a6 12. a4 cxd4 13. cxd4 Na5 14. Ba2 b5
15. Qd2 Bb7 16. Rac1 Nc4 17. Bxc4 bxc4 18. Qb4 Bxf3 19. gxf3 Qd7 20. Kg2 e5 21.
dxe5 Bxe5 22. Qxc4 Rab8 23. Rfd1 Qf5 24. Qg4 Qxg4+ 25. fxg4 Rb2 26. Rc6 f5 27.
Rd5 Bb8 28. gxf5 gxf5 29. Bf6 Ra2 30. Rxf5 Rxa4 31. Rg5+ Kf7 32. Rg7+ 1-0

[Event "BL 0506 SG Kirchheim - SC Kreuzberg"]
[Site "Heidelberg"]
[Date "2006.03.11"]
[Round "12.1"]
[White "Almasi, Zoltan"]
[Black "Wippermann, Till"]
[Result "1-0"]
[WhiteElo "2619"]
[BlackElo "2450"]
[PlyCount "61"]
[EventDate "2006.??.??"]

1. e4 c5 2. Nf3 Nc6 3. d4 cxd4 4. Nxd4 Nf6 5. Nc3 e6 6. Ndb5 Bb4 7. a3 Bxc3+ 8.
Nxc3 d5 9. exd5 exd5 10. Bd3 O-O 11. O-O d4 12. Ne2 Qd5 13. Nf4 Qd6 14. Nh5
Nxh5 15. Qxh5 h6 16. Qh4 Bd7 17. Bf4 Qd5 18. Rad1 f5 19. c4 Qf7 20. Qg3 Qf6 21.
b4 Kh8 22. h4 Rfe8 23. Rfe1 Be6 24. b5 Na5 25. Be5 Qf7 26. Bxd4 Bxc4 27. Bxf5
Rxe1+ 28. Rxe1 Nb3 29. Bb2 Rf8 30. Bg6 Qd5 31. Bxg7+ 1-0

[Event "BL 0506 SG Kirchheim - SC Kreuzberg"]
[Site "Heidelberg"]
[Date "2006.03.11"]
[Round "12.2"]
[White "Bokros, Albert"]
[Black "Socko, Bartosz"]
[Result "0-1"]
[WhiteElo "2446"]
[BlackElo "2615"]
[PlyCount "80"]
[EventDate "2006.??.??"]

1. e4 e6 2. d3 c5 3. Nf3 Nc6 4. g3 d6 5. Bg2 g6 6. O-O Bg7 7. c3 Nf6 8. Re1 O-O
9. d4 e5 10. h3 Re8 11. dxe5 dxe5 12. Qxd8 Rxd8 13. Na3 Ne8 14. Be3 b6 15. Rad1
Bb7 16. Bg5 f6 17. Bc1 Rxd1 18. Rxd1 Rd8 19. Rxd8 Nxd8 20. Ne1 Nd6 21. f3 Kf7
22. Kf2 Ke6 23. Bf1 N8f7 24. Nb5 Nxb5 25. Bxb5 Nd6 26. Be2 f5 27. exf5+ gxf5
28. Ng2 Bd5 29. a3 Bb3 30. Bd3 c4 31. Bb1 h5 32. Bg5 Nf7 33. Bd2 Bf6 34. Ne3
Nd6 35. g4 f4 36. Nf5 hxg4 37. hxg4 Nb7 38. Ke2 Nc5 39. Nh6 Nd3 40. Ng8 Bg5 0-1

[Event "BL 0506 SG Kirchheim - SC Kreuzberg"]
[Site "Heidelberg"]
[Date "2006.03.11"]
[Round "12.3"]
[White "Romanishin, Oleg M"]
[Black "Gschnitzer, Oswald Dr"]
[Result "1-0"]
[WhiteElo "2570"]
[BlackElo "2427"]
[PlyCount "69"]
[EventDate "2006.??.??"]

1. d4 Nf6 2. Nf3 e6 3. g3 b6 4. Bg2 Bb7 5. c4 Be7 6. Nc3 Ne4 7. Bd2 f5 8. O-O
Bf6 9. Qc2 O-O 10. Rad1 Qe7 11. d5 Nd6 12. Bf4 e5 13. Bc1 Na6 14. b3 Nc5 15. b4
Nce4 16. c5 bxc5 17. bxc5 Nxc5 18. Ba3 Nce4 19. Nxe4 fxe4 20. Nd2 Qf7 21. Qxc7
Nb5 22. Qxb7 Nxa3 23. Qb3 Be7 24. Nxe4 Rab8 25. Qd3 Bb4 26. d6 Kh8 27. Rc1 Nb5
28. e3 Qg6 29. Rfd1 Rb6 30. a4 Nxd6 31. a5 Bxa5 32. Nxd6 Qxd3 33. Rxd3 Rb2 34.
Nc4 Rc8 35. Rdd1 1-0

[Event "BL 0506 SG Kirchheim - SC Kreuzberg"]
[Site "Heidelberg"]
[Date "2006.03.11"]
[Round "12.5"]
[White "Kalinitschew, Sergey"]
[Black "Beckhuis, Gernod"]
[Result "1-0"]
[WhiteElo "2478"]
[BlackElo "2324"]
[PlyCount "125"]
[EventDate "2006.??.??"]

1. d4 d5 2. c4 e6 3. Nf3 Nf6 4. Bg5 Be7 5. Nc3 h6 6. Bh4 O-O 7. Qc2 c5 8. cxd5
exd5 9. dxc5 Qa5 10. e3 Nc6 11. Be2 Bg4 12. O-O Qxc5 13. Rac1 g5 14. Bg3 Rfd8
15. Ne5 Bxe2 16. Qxe2 Nxe5 17. Bxe5 Qc4 18. Qf3 Qg4 19. Rfd1 Qxf3 20. gxf3 Nd7
21. Bc7 Re8 22. Nxd5 Bf8 23. Ba5 Rac8 24. Bc3 Bg7 25. Kg2 Bxc3 26. Nxc3 Nb6 27.
Nb5 Rxc1 28. Rxc1 Rc8 29. Rxc8+ Nxc8 30. Kg3 a6 31. Nc3 Nd6 32. f4 Kg7 33. fxg5
hxg5 34. b3 Kg6 35. f4 f6 36. Kf3 Kf5 37. e4+ Ke6 38. Kg4 b5 39. fxg5 fxg5 40.
Kxg5 b4 41. Na4 Nxe4+ 42. Kg6 Ke7 43. h4 Kf8 44. h5 Kg8 45. Nb6 Nc5 46. Nd5 a5
47. Nb6 Ne6 48. Nc4 Nf4+ 49. Kg5 Nd3 50. Nxa5 Nc1 51. Nc6 Nxa2 52. Kg6 Nc1 53.
h6 Nd3 54. h7+ Kh8 55. Kh6 Ne5 56. Nxb4 Ng6 57. Nd5 Nf8 58. b4 Nxh7 59. b5 Nf6
60. b6 Nd7 61. b7 Nb8 62. Ne7 Nc6 63. Nxc6 1-0

[Event "BL 0506 SG Kirchheim - SC Kreuzberg"]
[Site "Heidelberg"]
[Date "2006.03.11"]
[Round "12.6"]
[White "Wintzer, Joachim Dr"]
[Black "Lau, Ralf"]
[Result "1/2-1/2"]
[WhiteElo "2322"]
[BlackElo "2467"]
[PlyCount "84"]
[EventDate "2006.??.??"]

1. c4 e6 2. Nc3 Bb4 3. Qb3 Nc6 4. Nf3 Nge7 5. a3 Bxc3 6. Qxc3 O-O 7. b4 a6 8.
Bb2 f6 9. e3 e5 10. Qc2 d6 11. d4 exd4 12. Nxd4 Nxd4 13. Bxd4 Bf5 14. Bd3 Qd7
15. O-O Rfe8 16. Rfe1 Bg6 17. Rac1 Kh8 18. Red1 Qe6 19. Bb2 b6 20. Bxg6 hxg6
21. Qe2 a5 22. b5 Nf5 23. Qg4 Kh7 24. Re1 Qe4 25. h3 Re7 26. Qd1 Qh4 27. Qg4
Rae8 28. Qxh4+ Nxh4 29. Red1 g5 30. Rd3 Kg6 31. Rc2 Re4 32. Kf1 f5 33. Rd4 f4
34. Rxe4 Rxe4 35. Bc1 f3 36. g4 Kf7 37. Bb2 Ng2 38. Rc1 g6 39. Kg1 Nh4 40. Kf1
Ng2 41. Kg1 Nh4 42. Kf1 Ng2 1/2-1/2

[Event "BL 0506 SG Kirchheim - SC Kreuzberg"]
[Site "Heidelberg"]
[Date "2006.03.11"]
[Round "12.7"]
[White "Volke, Karsten"]
[Black "Vonthron, Horst"]
[Result "1-0"]
[WhiteElo "2477"]
[BlackElo "2345"]
[PlyCount "79"]
[EventDate "2006.??.??"]

1. d4 Nf6 2. c4 g6 3. Nc3 Bg7 4. e4 O-O 5. Nf3 d6 6. h3 c5 7. d5 a6 8. a4 a5 9.
Bd3 Na6 10. O-O Nb4 11. Bb1 e5 12. dxe6 Bxe6 13. Bd3 Nd7 14. Bg5 Bf6 15. Bh6
Re8 16. Rc1 Ne5 17. Nxe5 dxe5 18. Nd5 Bg5 19. Bxg5 Qxg5 20. Qf3 Red8 21. Be2
Nc6 22. Qe3 h6 23. Kh1 Nd4 24. Bd3 Rd6 25. f4 exf4 26. Rxf4 Bxd5 27. cxd5 b6
28. Rcf1 Ra7 29. Qf2 Rdd7 30. Bc4 Qe5 31. Qh4 Kg7 32. Qg3 Qg5 33. Qh2 h5 34. h4
Qd8 35. g4 hxg4 36. Rxg4 Qe8 37. h5 Re7 38. hxg6 fxg6 39. Rh4 Qg8 40. d6 1-0

[Event "BL 0506 OSC Baden Baden - SF Berlin"]
[Site "Heidelberg"]
[Date "2006.03.11"]
[Round "12.2"]
[White "Shirov, Alexei"]
[Black "Polzin, Rainer"]
[Result "1-0"]
[WhiteElo "2705"]
[BlackElo "2514"]
[PlyCount "99"]
[EventDate "2006.??.??"]

1. e4 c5 2. Nf3 d6 3. d4 cxd4 4. Nxd4 Nf6 5. Nc3 g6 6. Be3 Bg7 7. f3 O-O 8. Qd2
Nc6 9. O-O-O d5 10. exd5 Nxd5 11. Nxc6 bxc6 12. Bd4 e5 13. Bc5 Be6 14. Ne4 Re8
15. h4 Nf4 16. g3 Qxd2+ 17. Rxd2 Nh5 18. g4 Nf6 19. Bd3 Nd7 20. Be3 Nb6 21. h5
Nd5 22. Bc5 Red8 23. hxg6 hxg6 24. Ba6 Rd7 25. Ng5 Nf4 26. Nxe6 Nxe6 27. Rxd7
Nxc5 28. Bb7 Rb8 29. Bxc6 Nxd7 30. Bxd7 e4 31. c3 e3 32. Rh2 Be5 33. Re2 Kf8
34. Kc2 Bf4 35. b4 Ke7 36. Bc6 f5 37. gxf5 gxf5 38. a4 Kd6 39. Bb5 Rh8 40. Rg2
Ke5 41. a5 Rh3 42. Rg7 Kf6 43. Rxa7 Rh2+ 44. Kb3 e2 45. Bxe2 Rxe2 46. a6 Re1
47. Ra8 Ra1 48. a7 Kg7 49. c4 Be3 50. c5 1-0

[Event "BL 0506 OSC Baden Baden - SF Berlin"]
[Site "Heidelberg"]
[Date "2006.03.11"]
[Round "12.3"]
[White "Berndt, Stephan"]
[Black "Nielsen, Peter-Heine"]
[Result "1-0"]
[WhiteElo "2447"]
[BlackElo "2668"]
[PlyCount "55"]
[EventDate "2006.??.??"]

1. e4 c5 2. Nf3 d6 3. d4 cxd4 4. Nxd4 Nf6 5. Nc3 a6 6. Bc4 e6 7. Bb3 Nbd7 8.
Qe2 b5 9. Bg5 Bb7 10. O-O-O Rc8 11. Rhe1 Rxc3 12. bxc3 Qa5 13. f3 b4 14. Qe3
bxc3 15. Kb1 Be7 16. Nf5 exf5 17. exf5 Ne5 18. f4 Nc6 19. Bxf6 gxf6 20. Rd5 Qb4
21. a3 Qxa3 22. Qxc3 Kf8 23. Re4 Ne5 24. fxe5 dxe5 25. Qc7 Bxd5 26. Qc8+ Kg7
27. Rg4+ Kh6 28. Qc3 1-0

[Event "BL 0506 OSC Baden Baden - SF Berlin"]
[Site "Heidelberg"]
[Date "2006.03.11"]
[Round "12.4"]
[White "Movsesian, Sergei"]
[Black "Borriss, Martin Dr"]
[Result "1-0"]
[WhiteElo "2645"]
[BlackElo "2424"]
[PlyCount "37"]
[EventDate "2006.??.??"]

1. e4 e5 2. Nf3 Nf6 3. d4 Nxe4 4. Bd3 d5 5. Nxe5 Nd7 6. Nc3 Nxe5 7. dxe5 Bb4 8.
O-O Nxc3 9. bxc3 Bxc3 10. Rb1 Be6 11. Rxb7 Bxe5 12. Qh5 Bf6 13. Re1 g6 14. Qh6
a6 15. Bf4 Bc3 16. Rxe6+ fxe6 17. Bxg6+ hxg6 18. Qxg6+ Kf8 19. Bxc7 1-0

[Event "BL 0506 OSC Baden Baden - SF Berlin"]
[Site "Heidelberg"]
[Date "2006.03.11"]
[Round "12.6"]
[White "Schlosser, Philipp"]
[Black "Thiede, Lars"]
[Result "1/2-1/2"]
[WhiteElo "2554"]
[BlackElo "2417"]
[PlyCount "136"]
[EventDate "2006.??.??"]

1. e4 g6 2. d4 Bg7 3. Nc3 d6 4. f4 a6 5. Nf3 Nd7 6. e5 Nh6 7. Bc4 O-O 8. e6 Nb6
9. exf7+ Kh8 10. Bb3 Bg4 11. Ne4 Nxf7 12. Bxf7 Bxf3 13. Qxf3 Rxf7 14. Ng5 Rf6
15. O-O h6 16. Ne4 Rf7 17. Qd3 Qd7 18. c3 Qb5 19. Nf2 Kh7 20. Re1 e5 21. dxe5
dxe5 22. fxe5 Re8 23. Qxb5 axb5 24. Nd3 Rfe7 25. Bf4 g5 26. Bg3 Nc4 27. Re4 Kg6
28. Rae1 Kf5 29. a4 c6 30. axb5 cxb5 31. Rd4 Bxe5 32. Rd5 Kf6 33. Nxe5 Nxe5 34.
Rf1+ Kg7 35. Rxb5 Nc4 36. b3 Nd2 37. Rd1 Ne4 38. Rd3 Ra8 39. Re3 Ra1+ 40. Be1
Kf7 41. c4 Rb1 42. g4 Nf6 43. Rxe7+ Kxe7 44. Kf1 Nxg4 45. h3 Ne3+ 46. Ke2 Ke6
47. Kxe3 Rxe1+ 48. Kf2 Rc1 49. Rxb7 Kf5 50. Ke3 Rc3+ 51. Kd4 Rxh3 52. c5 Rh1
53. b4 g4 54. Rg7 Rb1 55. Kc4 h5 56. c6 h4 57. b5 h3 58. Rh7 Rb2 59. Kc5 h2 60.
c7 Kg6 61. Rh4 Rc2+ 62. Kd6 Rxc7 63. Kxc7 g3 64. b6 g2 65. Rxh2 g1=Q 66. Rc2
Qg3+ 67. Kb7 Qf3+ 68. Kb8 Qe4 1/2-1/2

[Event "BL 0506 OSC Baden Baden - SF Berlin"]
[Site "Heidelberg"]
[Date "2006.03.11"]
[Round "12.7"]
[White "Thinius, Marco"]
[Black "Buhmann, Rainer"]
[Result "1/2-1/2"]
[WhiteElo "2354"]
[BlackElo "2549"]
[PlyCount "92"]
[EventDate "2006.??.??"]

1. e4 e6 2. d4 d5 3. Nc3 Nf6 4. Bg5 Be7 5. e5 Nfd7 6. h4 Nc6 7. Qd2 Nb6 8. Nf3
Bd7 9. Be2 h6 10. Be3 a6 11. a3 Na7 12. Rh3 Bc6 13. b3 Bb5 14. Bd1 Nd7 15. Nxb5
axb5 16. c3 c5 17. dxc5 Nxc5 18. Bxc5 Bxc5 19. b4 Be7 20. h5 Qc7 21. Rg3 Bg5
22. Nxg5 Qxe5+ 23. Be2 hxg5 24. Qxg5 Qxg5 25. Rxg5 Kf8 26. Re5 Ke7 27. Re3 Nc8
28. Bxb5 Rxh5 29. Bf1 Nb6 30. Rg3 g6 31. Rh3 Rxh3 32. gxh3 e5 33. Kd2 Kd6 34.
Kc2 e4 35. Kb3 f5 36. a4 f4 37. a5 Nd7 38. Rd1 Ke5 39. Bb5 Nf6 40. c4 e3 41.
fxe3 fxe3 42. cxd5 Nxd5 43. Bc4 Nf4 44. Rd7 Rc8 45. Re7+ Kd4 46. Rd7+ Ke5
1/2-1/2

[Event "BL 0506 OSC Baden Baden - SF Berlin"]
[Site "Heidelberg"]
[Date "2006.03.11"]
[Round "12.8"]
[White "Doettling, Fabian"]
[Black "Rudolf, Henrik"]
[Result "1-0"]
[WhiteElo "2542"]
[BlackElo "2329"]
[PlyCount "73"]
[EventDate "2006.??.??"]

1. d4 Nf6 2. Nf3 g6 3. c4 Bg7 4. Nc3 O-O 5. e4 d6 6. h3 e5 7. d5 a5 8. Bg5 Na6
9. g4 Qe8 10. Rg1 Kh8 11. Be2 Ng8 12. Be3 f5 13. gxf5 gxf5 14. exf5 Bxf5 15.
Nh4 Qd7 16. Bg4 Bxg4 17. Qxg4 Nf6 18. Qxd7 Nxd7 19. Ke2 Nac5 20. Nf3 Rae8 21.
Nd2 e4 22. Rg3 Be5 23. Rg4 Nf6 24. Rh4 c6 25. Rg1 Nd3 26. Ncxe4 Nxb2 27. f4
Nxe4 28. Nxe4 Bxf4 29. Rxf4 Rxf4 30. Bxf4 Rxe4+ 31. Kf3 Rd4 32. Bg5 Rd3+ 33.
Ke4 cxd5+ 34. cxd5 h6 35. Bf6+ Kh7 36. Bxb2 Rxh3 37. Rg7+ 1-0

[Event "BL 0506 Leipzig Gohlis - SV Wattenschei"]
[Site "?"]
[Date "2006.03.11"]
[Round "12.1"]
[White "Macieja, Bartlomiej"]
[Black "Vogt, Lothar"]
[Result "1-0"]
[WhiteElo "2592"]
[BlackElo "2484"]
[PlyCount "121"]
[EventDate "2006.??.??"]

1. e4 c5 2. Nf3 Nc6 3. Bb5 d6 4. d4 cxd4 5. Qxd4 Bd7 6. Bxc6 Bxc6 7. Nc3 Nf6 8.
Bg5 e6 9. O-O-O Be7 10. Qd3 O-O 11. Nd4 a6 12. h4 Qc7 13. f4 Rfd8 14. f5 e5 15.
Bxf6 Bxf6 16. Nde2 Rac8 17. Rd2 Qa5 18. g4 b5 19. g5 Be7 20. f6 Bf8 21. fxg7
Bxg7 22. Kb1 b4 23. Nd5 Bxd5 24. Qxd5 Qxd5 25. Rxd5 Rc4 26. Ng3 Rd4 27. Rf1 Rc8
28. b3 Rc5 29. Rxd4 exd4 30. Nf5 Re5 31. Nxd6 Bf8 32. Nxf7 Rxe4 33. h5 Rh4 34.
h6 Be7 35. Ne5 Re4 36. Rf5 Re1+ 37. Kb2 Rg1 38. Nf3 Rg2 39. Kc1 Rf2 40. Kd1 d3
41. cxd3 Rxa2 42. Nd2 a5 43. d4 a4 44. bxa4 Rxa4 45. Rb5 Ra2 46. Ke2 Kf7 47.
Ke3 b3 48. Nf3 b2 49. Rb6 Bd8 50. Rb7+ Kg6 51. Kf4 Ra4 52. Ne5+ Kh5 53. g6 hxg6
54. h7 Bg5+ 55. Ke4 Ra8 56. Rxb2 Bh4 57. Nf7 Bf6 58. Rh2+ Kg4 59. h8=Q Bxh8 60.
Rxh8 Ra1 61. Ne5+ 1-0

[Event "BL 0506 Leipzig Gohlis - SV Wattenschei"]
[Site "?"]
[Date "2006.03.11"]
[Round "12.2"]
[White "Voigt, Roland"]
[Black "Rustemov, Alexander"]
[Result "0-1"]
[WhiteElo "2384"]
[BlackElo "2564"]
[PlyCount "64"]
[EventDate "2006.??.??"]

1. e4 d6 2. d4 Nf6 3. Bd3 e5 4. c3 Nc6 5. Ne2 g6 6. O-O Bg7 7. d5 Ne7 8. Na3
O-O 9. f3 c6 10. c4 Nh5 11. Be3 c5 12. b4 b6 13. Rb1 f5 14. bxc5 bxc5 15. Nc3
f4 16. Bf2 g5 17. Be2 Nf6 18. Rb3 h5 19. Qc2 Ng6 20. Rfb1 g4 21. Ncb5 g3 22.
hxg3 fxg3 23. Bxg3 h4 24. Bf2 Nh5 25. Nxd6 Qxd6 26. Nb5 Qe7 27. Bf1 Ngf4 28.
Kh2 Ng3 29. d6 Qg5 30. Bxc5 h3 31. gxh3 Bxh3 32. Bxh3 Qh4 0-1

[Event "BL 0506 Leipzig Gohlis - SV Wattenschei"]
[Site "?"]
[Date "2006.03.11"]
[Round "12.3"]
[White "Johannessen, Leif Erlend"]
[Black "Roos, Michael"]
[Result "1-0"]
[WhiteElo "2564"]
[BlackElo "2371"]
[PlyCount "57"]
[EventDate "2006.??.??"]

1. d4 Nf6 2. Nf3 g6 3. c4 Bg7 4. g3 O-O 5. Bg2 c5 6. Nc3 cxd4 7. Nxd4 Qc7 8.
Nd5 Nxd5 9. cxd5 d6 10. O-O Bd7 11. Be3 Na6 12. Qd2 Rac8 13. a3 Nc5 14. Rac1
Qb8 15. Bh6 Rfe8 16. Bxg7 Kxg7 17. h4 Na4 18. b3 Rxc1 19. Rxc1 Nb6 20. Qe3 Kf8
21. h5 Rc8 22. Rd1 Qc7 23. hxg6 hxg6 24. Qh6+ Kg8 25. Be4 Qc3 26. Kg2 Qb2 27.
e3 Rc1 28. Rxc1 Qxc1 29. Ne6 1-0

[Event "BL 0506 Leipzig Gohlis - SV Wattenschei"]
[Site "?"]
[Date "2006.03.11"]
[Round "12.4"]
[White "Schoeneberg, Manfred"]
[Black "Holzke, Frank Dr"]
[Result "1/2-1/2"]
[WhiteElo "2322"]
[BlackElo "2479"]
[PlyCount "110"]
[EventDate "2006.??.??"]

1. e4 e5 2. Nc3 Nf6 3. g3 Bc5 4. Bg2 O-O 5. Nge2 c6 6. O-O d5 7. exd5 cxd5 8.
d4 exd4 9. Nxd4 Bg4 10. f3 Nc6 11. Nce2 Bd7 12. Kh1 Re8 13. Nb3 Bb6 14. Bg5 h6
15. Bxf6 Qxf6 16. Nc3 Ne7 17. Qd2 Bc6 18. Rfe1 Nf5 19. Nxd5 Bxd5 20. Qxd5 Ne3
21. Qd2 Qxb2 22. c3 Qxd2 23. Nxd2 Ba5 24. Rac1 Nxg2 25. Kxg2 Rxe1 26. Rxe1 Bxc3
27. Re2 Rd8 28. Ne4 Bb4 29. g4 Rd5 30. Rc2 f5 31. Rc8+ Bf8 32. gxf5 Rxf5 33.
Kg3 Rb5 34. Rb8 b6 35. Nd6 Rg5+ 36. Kf4 Ra5 37. h4 Rxa2 38. h5 Rh2 39. Kg4 Rg2+
40. Kf4 Rh2 41. Kg4 Rg2+ 42. Kf4 g6 43. hxg6 Rxg6 44. Ne4 a5 45. Kf5 Rc6 46.
Nf6+ Kf7 47. Rb7+ Be7 48. Nd5 Re6 49. Nxe7 Rxe7 50. Rxb6 Ra7 51. Rxh6 Kg7 52.
Rh2 a4 53. Ra2 a3 54. Ke6 Ra6+ 55. Kd5 Kf6 1/2-1/2

[Event "BL 0506 Leipzig Gohlis - SV Wattenschei"]
[Site "?"]
[Date "2006.03.11"]
[Round "12.5"]
[White "Handke, Florian"]
[Black "Quast, Michael"]
[Result "1/2-1/2"]
[WhiteElo "2460"]
[BlackElo "2281"]
[PlyCount "82"]
[EventDate "2006.??.??"]

1. e4 e5 2. Nf3 Nf6 3. Nxe5 d6 4. Nf3 Nxe4 5. Nc3 Nf6 6. d4 Be7 7. Bd3 c6 8.
Ne2 Na6 9. c3 Nc7 10. h3 b5 11. O-O O-O 12. Ng3 Re8 13. Nh2 Be6 14. Nf5 Ncd5
15. Qf3 Bf8 16. Bg5 Bxf5 17. Bxf5 Qc7 18. Bd3 Rab8 19. Rae1 a6 20. a4 h6 21.
Bh4 Nd7 22. axb5 Rxe1 23. Rxe1 axb5 24. Ng4 N7b6 25. b3 h5 26. Ne3 Nxe3 27.
Rxe3 g6 28. Be4 Bh6 29. Re2 Re8 30. Bg3 Bf8 31. Re3 Rc8 32. Bf4 Qd7 33. g4 hxg4
34. hxg4 d5 35. Bd3 Re8 36. Be5 Bg7 37. Bxg7 Kxg7 38. Qf4 Rxe3 39. fxe3 Qe6 40.
Kf2 Nd7 41. Be2 Qf6 1/2-1/2